Music Quiz

Random Music Quiz

Setlist of Smashing Pumpkins' 12/2/2000 Quiz Stats

 Plays Quiz not verified by Sporcle

Challenge
Share
Tweet
Embed
Score 0/36 Timer 12:00
0 Plays Today
Order Song % Correct
31Today
98.4%
33 [Encore 2] ***Cherub Rock
92.2%
35 ****1979
90.7%
7Bullet with Butterfly Wing
89.9%
34 [Encore 3]Disarm
88.4%
22 [Set 3]Tonight, Tonight
86%
1 [Set 1]Rocket
81.4%
2I Am One
79.8%
16Perfect
79.8%
12Mayonaise
78.3%
36 [Encore 4]Silverfuck
76.7%
3Rhinoceros
76%
23Siva
76%
21Thirty-Three
72.1%
32 [Encore 1] **For Martha
72.1%
6The Everlasting Gaze
71.3%
15Stand Inside Your Love
70.5%
14 [Set 2]Muzzle
65.1%
Order Song % Correct
11 *To Sheila
62.8%
30Heavy Metal Machine
62.8%
25Drown
62%
9Thru the Eyes of Ruby
55%
13I of the Mourning
50.4%
26Starla
50.4%
5Porcelina of the Vast Oceans
49.6%
24**** You
49.6%
4Shame
48.8%
28Cash Car Star
45.7%
17This Time
45%
29Rock On
45%
18Go
41.1%
20Age of Innocence
40.3%
19The Last Song
39.5%
27If There Is a God
34.9%
10 *Blissed and Gone
32.6%
8Spiteface
24%

You're not logged in!

Compare scores with friends on all Sporcle quizzes.
OR
Log In

You Might Also Like...

Show Comments

Extras

Created Aug 22, 2011SourceReportNominate
Tags:Smashing Pumpkins

Top Quizzes Today


Score Distribution

Your Account Isn't Verified!

In order to create a playlist on Sporcle, you need to verify the email address you used during registration. Go to your Sporcle Settings to finish the process.

Report this User

Report this user for behavior that violates our Community Guidelines.

Details: